000 00797nam a2200313 i 4500
003 DO-SdBNP
005 20240506135908.0
006 a||||er|||| 00| 0
007 ta
008 231208b1988 dr a|||| |||| 00| 0 spa d
040 _aDO-SdBNP
_bspa
_cBNPHU
_erda
082 4 _222
_bS231
245 1 0 _aLa Santa Sede y aspectos de la diplomacia vaticana
264 1 _aSanto Domingo :
_bRfael Bello Peguero,
_c1999
300 _a47 páginas ;
_c27 cm.
336 _2rdacontent
_atexto
_btxt
337 _2rdamedia
_asin mediación
_bn
338 _2rdacarrier
_avolumen
_bnc
590 _aInventariado 2023 / DG
700 _974206
700 _956719
700 _956720
700 1 _952662
700 1 _911007
700 1 _956721
700 _956560
910 _aEDG
942 _2ddc
_cLF2
999 _c56612
_d56612